[Event "2. Bundesliga West 2012/13"]
[Site "Rum"]
[Date "2012.11.30"]
[Round "4"]
[Board "3"]
[White "Drabke, Lorenz"]
[Black "Gaertner, Guntram"]
[Result "1-0"]
[WhiteElo "2411"]
[BlackElo "2331"]
[PlyCount "119"]
[EventDate "2012.10.05"]
[EventType "team"]
[EventRounds "11"]
[EventCountry "AUT"]
[WhiteTeam "SIR Bernhard"]
[BlackTeam "Hohenems II"]

1. e4 c6 2. d3 d5 3. Nd2 g6 4. g3 Bg7 5. Bg2 e5 6. Ngf3 Ne7 7. O-O O-O 8. b3
dxe4 9. dxe4 c5 10. Nc4 Nbc6 11. Bb2 Qxd1 12. Raxd1 Bg4 13. h3 Bxf3 14. Bxf3
Nd4 15. Bg2 b5 16. Ne3 b4 17. Rd2 Rad8 18. Rfd1 f5 19. exf5 gxf5 20. c3 bxc3
21. Bxc3 e4 22. b4 Ne2+ 23. Rxe2 Bxc3 24. bxc5 Rxd1+ 25. Nxd1 Bd4 26. g4 Bxc5
27. gxf5 Rxf5 28. Bxe4 Rg5+ 29. Kf1 Ng6 30. Rc2 Bb6 31. Nb2 Re5 32. Rc4 Kg7 33.
Na4 Bd8 34. Rd4 Bf6 35. Rd7+ Re7 36. Nc5 Nf4 37. Bf5 Rxd7 38. Bxd7 Bd4 39. Nb3
Bb6 40. a4 Nd3 41. Nd2 Kf6 42. f3 Nc5 43. Bb5 Bc7 44. Nc4 Kg5 45. Ne3 Bd8 46.
Nd5 Ne6 47. Bd3 h5 48. Kf2 Nc7 49. f4+ Kh4 50. Ne3 Ne6 51. Ng2+ Kxh3 52. Bf5+
Kh2 53. Bxe6 h4 54. Ne3 Bb6 55. f5 a5 56. f6 Bc5 57. f7 Kh1 58. f8=Q Bxf8 59.
Bd5+ Kh2 60. Nf1+ 1-0

[Event "2. Bundesliga West 2012/13"]
[Site "Rum"]
[Date "2012.11.30"]
[Round "4"]
[Board "4"]
[White "Atlas, Dmitry"]
[Black "Mons, Leon"]
[Result "0-1"]
[WhiteElo "2255"]
[BlackElo "2338"]
[PlyCount "96"]
[EventDate "2012.10.05"]
[EventType "team"]
[EventRounds "11"]
[EventCountry "AUT"]
[WhiteTeam "Hohenems II"]
[BlackTeam "SIR Bernhard"]

1. e4 e5 2. Bc4 Nf6 3. d3 Nc6 4. Nf3 Bc5 5. c3 O-O 6. O-O d6 7. Bb3 a6 8. Nbd2
Ba7 9. h3 Ne7 10. Re1 Ng6 11. Nf1 Be6 12. N3h2 h6 13. Be3 Bxe3 14. fxe3 d5 15.
exd5 Nxd5 16. d4 b5 17. Ng3 Qh4 18. Qf3 Nf6 19. Bc2 Qg5 20. Qf2 Nh4 21. Nf3
Nxf3+ 22. Qxf3 Rfe8 23. Kh2 Rad8 24. a4 b4 25. a5 Qh4 26. Bf5 bxc3 27. bxc3 Bc4
28. Rab1 e4 29. Qf4 Qxf4 30. exf4 Bd3 31. Rb7 g6 32. Bg4 Nd5 33. Bd1 Nxc3 34.
Bb3 Nb5 35. d5 Kg7 36. f5 Kf6 37. fxg6 fxg6 38. Nf1 Rb8 39. Rxb8 Rxb8 40. Ne3
Ke5 41. Ba4 Kd4 42. Kg3 Nc3 43. Bd1 Nxd1 44. Nxd1 Kxd5 45. Nf2 Kd4 46. h4 c5
47. Nh3 c4 48. Nf4 c3 0-1

[Event "2. Bundesliga West 2012/13"]
[Site "Rum"]
[Date "2012.11.30"]
[Round "4"]
[Board "5"]
[White "Schramm, Christian"]
[Black "Kessler, Luca"]
[Result "1-0"]
[WhiteElo "2391"]
[BlackElo "2242"]
[PlyCount "55"]
[EventDate "2012.10.05"]
[EventType "team"]
[EventRounds "11"]
[EventCountry "AUT"]
[WhiteTeam "SIR Bernhard"]
[BlackTeam "Hohenems II"]

1. e4 c6 2. d4 d5 3. e5 Bf5 4. h4 h5 5. Bg5 Qb6 6. Bd3 Bxd3 7. Qxd3 e6 8. Nc3
Qa6 9. Qh3 Ne7 10. Nge2 c5 11. dxc5 Nd7 12. O-O-O Nxc5 13. Nd4 Nc6 14. Ndb5 Qa5
15. a3 Ne4 16. Nxd5 exd5 17. Rxd5 Nc5 18. Nc3 Qc7 19. Rhd1 a6 20. f4 Ne6 21. f5
Nxg5 22. hxg5 Rd8 23. Kb1 Rxd5 24. Nxd5 Qc8 25. f6 Qd8 26. Nc3 Qc7 27. Nd5 Qd8
28. e6 1-0

[Event "2. Bundesliga West 2012/13"]
[Site "Rum"]
[Date "2012.11.30"]
[Round "4"]
[Board "6"]
[White "Sandholzer, Robert"]
[Black "Pitl, Gregory"]
[Result "1-0"]
[WhiteElo "2155"]
[BlackElo "2401"]
[PlyCount "101"]
[EventDate "2012.10.05"]
[EventType "team"]
[EventRounds "11"]
[EventCountry "AUT"]
[WhiteTeam "Hohenems II"]
[BlackTeam "SIR Bernhard"]

1. e4 c5 2. c3 d5 3. exd5 Qxd5 4. d4 g6 5. Nf3 Bg7 6. Na3 cxd4 7. Bc4 Qe4+ 8.
Be3 Nh6 9. cxd4 O-O 10. O-O Nf5 11. Qb3 Nd6 12. Bd3 Qg4 13. Ne5 Qe6 14. Nac4
Nd7 15. Rfe1 Nxe5 16. dxe5 Nxc4 17. Bxc4 Qxe5 18. Rad1 Qa5 19. Bd2 Qc7 20. Bb4
Be5 21. Rxe5 Qxe5 22. Bxf7+ Kg7 23. Bc3 Qxc3 24. Qxc3+ Kxf7 25. Re1 Re8 26. Qe5
a5 27. h4 Ra6 28. Re3 Rf6 29. Qxa5 Be6 30. h5 Rc8 31. Rf3 Rxf3 32. gxf3 gxh5
33. Qxh5+ Kf6 34. Qh6+ Ke5 35. Qxh7 Kd6 36. a4 Rc4 37. Qd3+ Bd5 38. Qa3+ Kd7
39. Kg2 Rg4+ 40. Kf1 Rc4 41. Ke2 Rc2+ 42. Ke3 Rc4 43. b4 Ke6 44. b5 Rh4 45. Ke2
Bc4+ 46. Kd2 Kd7 47. Qc5 Bf1 48. a5 Ra4 49. Qd5+ Kc8 50. a6 bxa6 51. b6 1-0

[Event "2. Bundesliga West 2012/13"]
[Site "Rum"]
[Date "2012.11.30"]
[Round "4"]
[Board "1"]
[White "Schmidt, Georg"]
[Black "Serafimov, Tervel"]
[Result "0-1"]
[WhiteElo "2347"]
[BlackElo "2425"]
[PlyCount "80"]
[EventDate "2012.10.05"]
[EventType "team"]
[EventRounds "11"]
[EventCountry "AUT"]
[WhiteTeam "Mozart-Wals-Treuhand"]
[BlackTeam "Bregenz"]

1. e4 c6 2. d4 g6 3. Nc3 d5 4. Nf3 Bg7 5. h3 Nf6 6. e5 Ne4 7. Nxe4 dxe4 8. Ng5
c5 9. d5 Bxe5 10. Nxe4 Nd7 11. c3 O-O 12. Bh6 Re8 13. Bb5 a6 14. Bxd7 Bxd7 15.
Qf3 Bf5 16. O-O-O Qa5 17. Kb1 e6 18. Rhe1 exd5 19. Rxd5 Rad8 20. Rxd8 Qxd8 21.
g4 Bxe4+ 22. Rxe4 Bg7 23. Rxe8+ Qxe8 24. Be3 Qb5 25. Qd5 Bxc3 26. Qb3 Qxb3 27.
axb3 Bb4 28. Kc2 Kf8 29. Kd3 Ke7 30. Ke4 Ke6 31. Kf4 f6 32. Ke4 h6 33. f3 Be1
34. Bg1 a5 35. Bh2 f5+ 36. gxf5+ gxf5+ 37. Kd3 Kd5 38. Bc7 Kc6 39. Bd8 Bf2 40.
Kc4 Bd4 0-1

[Event "2. Bundesliga West 2012/13"]
[Site "Rum"]
[Date "2012.11.30"]
[Round "4"]
[Board "2"]
[White "Weindl, Alfred"]
[Black "Panteleev, Petar"]
[Result "1/2-1/2"]
[WhiteElo "2329"]
[BlackElo "2306"]
[PlyCount "103"]
[EventDate "2012.10.05"]
[EventType "team"]
[EventRounds "11"]
[EventCountry "AUT"]
[WhiteTeam "Bregenz"]
[BlackTeam "Mozart-Wals-Treuhand"]

1. c4 Nf6 2. Nc3 g6 3. g3 Bg7 4. Bg2 O-O 5. e3 c6 6. Nge2 d5 7. cxd5 cxd5 8. d4
Nc6 9. O-O b6 10. Bd2 Ba6 11. Qa4 Na5 12. Rfc1 e6 13. Be1 Qd7 14. Bf1 Rfc8 15.
Qxd7 Nxd7 16. Nf4 Bxf1 17. Kxf1 Nc4 18. Nd3 Nd6 19. Ke2 Kf8 20. g4 Ke7 21. Rc2
Ne4 22. Rac1 Nxc3+ 23. Bxc3 Kd8 24. Bb4 Bf8 25. Bxf8 Nxf8 26. Nb4 Nd7 27. Nc6+
Ke8 28. g5 Rc7 29. Nb4 Rxc2+ 30. Rxc2 a5 31. Nc6 Rc8 32. Kd2 Nc5 33. dxc5 Rxc6
34. cxb6 Rxb6 35. b3 Rb4 36. Rc8+ Kd7 37. Ra8 Rb5 38. Ra7+ Ke8 39. Kd3 e5 40.
f4 d4 41. exd4 exf4 42. h4 h6 43. Ke4 hxg5 44. hxg5 Rf5 45. Kf3 Rxg5 46. Kxf4
Rb5 47. Ke4 f5+ 48. Kf4 Rd5 49. Kg5 Rxd4 50. Rxa5 Rg4+ 51. Kf6 Kd7 52. Ke5
1/2-1/2

[Event "2. Bundesliga West 2012/13"]
[Site "Rum"]
[Date "2012.11.30"]
[Round "4"]
[Board "3"]
[White "Hanel, Reinhard"]
[Black "Dobosz, Henryk"]
[Result "0-1"]
[WhiteElo "2286"]
[BlackElo "2385"]
[PlyCount "72"]
[EventDate "2012.10.05"]
[EventType "team"]
[EventRounds "11"]
[EventCountry "AUT"]
[WhiteTeam "Mozart-Wals-Treuhand"]
[BlackTeam "Bregenz"]

1. c4 b6 2. Nc3 Bb7 3. e4 e6 4. Nf3 Nf6 5. e5 Ne4 6. Nxe4 Bxe4 7. Be2 c5 8. O-O
Nc6 9. d3 Bg6 10. Re1 Be7 11. Bf4 O-O 12. d4 d6 13. dxc5 dxc5 14. Qa4 Qc7 15.
Rad1 Rfd8 16. Rxd8+ Rxd8 17. Rd1 Rxd1+ 18. Qxd1 h6 19. h3 Qd8 20. Qa4 Qd7 21.
Bd1 Bd8 22. Bc2 Bxc2 23. Qxc2 Nb4 24. Qe4 Nxa2 25. Bd2 Nb4 26. Bxb4 cxb4 27.
Nd4 Be7 28. Qa8+ Kh7 29. Qe4+ Kg8 30. Qa8+ Kh7 31. Qe4+ g6 32. Qf3 Bf8 33. Nc6
a5 34. b3 Kg8 35. g4 Bc5 36. Kg2 a4 0-1

[Event "2. Bundesliga West 2012/13"]
[Site "Rum"]
[Date "2012.11.30"]
[Round "4"]
[Board "4"]
[White "Bezler, Rainer"]
[Black "Peterwagner, Heinz"]
[Result "1-0"]
[WhiteElo "2242"]
[BlackElo "2129"]
[PlyCount "61"]
[EventDate "2012.10.05"]
[EventType "team"]
[EventRounds "11"]
[EventCountry "AUT"]
[WhiteTeam "Bregenz"]
[BlackTeam "Mozart-Wals-Treuhand"]

1. d4 g6 2. Nf3 Bg7 3. c4 Nf6 4. Nc3 O-O 5. e4 d6 6. Be2 c6 7. O-O a6 8. Qc2 b5
9. cxb5 cxb5 10. d5 e6 11. dxe6 Bxe6 12. Nd4 Bd7 13. Rd1 b4 14. Nd5 Nxd5 15.
exd5 Qb6 16. Be3 Qb7 17. Bf3 a5 18. Rac1 Rc8 19. Qd2 Rxc1 20. Rxc1 Na6 21. Nc6
Nc7 22. Bd4 Ne8 23. h4 h5 24. Re1 Bxc6 25. dxc6 Qc7 26. Bd5 Nf6 27. Bxf6 Bxf6
28. Qh6 Bxb2 29. Qxg6+ Bg7 30. Re3 Kf8 31. Rf3 1-0

[Event "2. Bundesliga West 2012/13"]
[Site "Rum"]
[Date "2012.11.30"]
[Round "4"]
[Board "6"]
[White "Mira, Helene"]
[Black "Hicker, Harald"]
[Result "1/2-1/2"]
[WhiteElo "2084"]
[BlackElo "2107"]
[PlyCount "115"]
[EventDate "2012.10.05"]
[EventType "team"]
[EventRounds "11"]
[EventCountry "AUT"]
[WhiteTeam "Bregenz"]
[BlackTeam "Mozart-Wals-Treuhand"]

1. Nf3 d5 2. d4 c6 3. e3 Bg4 4. c4 e6 5. Nc3 Nd7 6. cxd5 exd5 7. Bd3 Ngf6 8.
O-O Bd6 9. h3 Bh5 10. e4 dxe4 11. Nxe4 Nxe4 12. Bxe4 O-O 13. Qd3 Bg6 14. Bxg6
hxg6 15. Re1 Qc7 16. d5 cxd5 17. Qxd5 Nf6 18. Qb3 Rae8 19. Be3 Qb8 20. Rad1 b6
21. Bd4 Rxe1+ 22. Rxe1 Re8 23. Rc1 Rc8 24. Rd1 Bf4 25. Re1 Re8 26. Rxe8+ Qxe8
27. Qc4 Qe4 28. Qf1 Nd7 29. Bc3 Ne5 30. Nxe5 Bxe5 31. Bxe5 Qxe5 32. Qc1 g5 33.
a3 Kh7 34. Qd2 Kh6 35. g3 f5 36. h4 f4 37. hxg5+ Kxg5 38. Qd8+ Kg4 39. Qd1+ f3
40. Qa4+ Kf5 41. Qd7+ Kg6 42. Qg4+ Kh7 43. Qh4+ Kg8 44. Qc4+ Kh7 45. Qd3+ Kg8
46. Qxf3 Qxb2 47. Qa8+ Kh7 48. Qxa7 Qc1+ 49. Kg2 Qc6+ 50. f3 Qc2+ 51. Kh3 Qf5+
52. Kh4 Qxf3 53. Qe7 Qf6+ 54. Qxf6 gxf6 55. Kh5 b5 56. g4 Kg7 57. g5 fxg5 58.
Kxg5 1/2-1/2

[Event "2. Bundesliga West 2012/13"]
[Site "Rum"]
[Date "2012.11.30"]
[Round "4"]
[Board "1"]
[White "Lanka, Zigurds"]
[Black "Zelcic, Robert"]
[Result "1/2-1/2"]
[WhiteElo "2422"]
[BlackElo "2554"]
[PlyCount "113"]
[EventDate "2012.10.05"]
[EventType "team"]
[EventRounds "11"]
[EventCountry "AUT"]
[WhiteTeam "Zillertal"]
[BlackTeam "Schwarzach"]

1. e4 c6 2. d4 d5 3. exd5 cxd5 4. c4 Nf6 5. Nc3 Nc6 6. Bg5 dxc4 7. Nf3 h6 8.
Bxf6 exf6 9. Bxc4 Bd6 10. O-O O-O 11. h3 Bf5 12. Re1 Qd7 13. a3 Rad8 14. Qe2
Bb8 15. Bd5 Rfe8 16. Qf1 Be6 17. Bxe6 fxe6 18. Rad1 Ne7 19. Ne4 b6 20. Nc3 Nd5
21. Nxd5 Qxd5 22. Rc1 Qb3 23. Qc4 Qxc4 24. Rxc4 Kf7 25. Rc6 g5 26. g4 Bf4 27.
a4 Rd6 28. Rc4 Rd5 29. Rc6 Rd6 30. Rc4 Kg6 31. Re2 h5 32. Kg2 hxg4 33. hxg4 Rd5
34. Rc6 Kf7 35. Re1 f5 36. gxf5 exf5 37. Rh1 Re7 38. Rh5 g4 39. Ne5+ Bxe5 40.
Rxf5+ Ke8 41. dxe5 Rdxe5 42. Rxe5 Rxe5 43. Rc8+ Kd7 44. Rc4 b5 45. Rxg4 bxa4
46. Rxa4 a5 47. Rd4+ Ke6 48. Kf3 Rb5 49. Rd2 a4 50. Kg4 Rb3 51. f4 a3 52. bxa3
Rxa3 53. Rh2 Ra5 54. Rh6+ Kf7 55. Rb6 Rc5 56. f5 Rc1 57. Ra6 1/2-1/2

[Event "2. Bundesliga West 2012/13"]
[Site "Rum"]
[Date "2012.11.30"]
[Round "4"]
[Board "2"]
[White "Hecht, Hans-Joachim"]
[Black "Maiwald, Jens-Uwe"]
[Result "0-1"]
[WhiteElo "2357"]
[BlackElo "2462"]
[PlyCount "92"]
[EventDate "2012.10.05"]
[EventType "team"]
[EventRounds "11"]
[EventCountry "AUT"]
[WhiteTeam "Schwarzach"]
[BlackTeam "Zillertal"]

1. d4 d6 2. Nf3 g6 3. e4 Bg7 4. Nc3 Nf6 5. Be2 O-O 6. O-O Bg4 7. Be3 Nc6 8. d5
Bxf3 9. Bxf3 Nb8 10. Re1 c6 11. a4 a5 12. Qd2 Nbd7 13. h3 Rc8 14. Bd4 h5 15.
Rad1 Nh7 16. Bxg7 Kxg7 17. Be2 Qb6 18. b3 Nhf6 19. Bf1 Rc7 20. Re3 Rfc8 21.
dxc6 bxc6 22. Kh1 Qc5 23. Ree1 Rb8 24. Qe3 Qxe3 25. Rxe3 h4 26. Kg1 Rb4 27. Be2
g5 28. g3 hxg3 29. Rxg3 Kh6 30. Bf3 Ne5 31. Kh2 c5 32. h4 g4 33. Bg2 c4 34. Nb5
Rc5 35. Nd4 e6 36. Nb5 cxb3 37. cxb3 Nh5 38. Re3 g3+ 39. Kh3 gxf2 40. Rd2 Nf4+
41. Kg3 Nxg2 42. Kxg2 Ng4 43. Rf3 Rc1 44. Rdxf2 Nxf2 45. Kxf2 Rc2+ 46. Kg3 Rd2
0-1

[Event "2. Bundesliga West 2012/13"]
[Site "Rum"]
[Date "2012.11.30"]
[Round "4"]
[Board "3"]
[White "Hausner, Ivan"]
[Black "Mikulic, Oliver"]
[Result "1-0"]
[WhiteElo "2408"]
[BlackElo "2128"]
[PlyCount "57"]
[EventDate "2012.10.05"]
[EventType "team"]
[EventRounds "11"]
[EventCountry "AUT"]
[WhiteTeam "Zillertal"]
[BlackTeam "Schwarzach"]

1. d4 Nf6 2. c4 g6 3. Nc3 Bg7 4. e4 d6 5. f4 Nc6 6. d5 Nb8 7. Nf3 a5 8. Bd3 Ra6
9. O-O O-O 10. Qe1 e6 11. dxe6 fxe6 12. Qh4 Nh5 13. Qxd8 Rxd8 14. Be3 Nd7 15.
c5 Rc6 16. cxd6 Bxc3 17. bxc3 Rxc3 18. dxc7 Rf8 19. Rfd1 Rxc7 20. Rac1 Rxc1 21.
Rxc1 b6 22. Rc2 Ndf6 23. Ne5 b5 24. g4 Ng7 25. g5 Nfh5 26. Bxb5 Rd8 27. Nf7 Rf8
28. Nh6+ Kh8 29. Bc5 1-0

[Event "2. Bundesliga West 2012/13"]
[Site "Rum"]
[Date "2012.11.30"]
[Round "4"]
[Board "5"]
[White "Tabernig, Bernhard"]
[Black "Stoeckl, Norbert"]
[Result "1-0"]
[WhiteElo "2327"]
[BlackElo "2057"]
[PlyCount "79"]
[EventDate "2012.10.05"]
[EventType "team"]
[EventRounds "11"]
[EventCountry "AUT"]
[WhiteTeam "Zillertal"]
[BlackTeam "Schwarzach"]

1. d4 Nf6 2. Nf3 g6 3. c4 Bg7 4. Nc3 d5 5. Bf4 O-O 6. e3 c5 7. dxc5 Qa5 8. Rc1
dxc4 9. Bxc4 Qxc5 10. Nb5 Qb4+ 11. Kf1 Nc6 12. a3 Qa5 13. Bc7 b6 14. b4 Nxb4
15. axb4 Qxb4 16. Qd2 Qa4 17. Qc2 Qxc2 18. Rxc2 Bf5 19. Rc1 Rfc8 20. Ke2 a6 21.
Nbd4 Rxc7 22. Bxf7+ Kxf7 23. Rxc7 Nd5 24. Rcc1 Bd7 25. Ng5+ Kg8 26. Rhd1 Ba4
27. Rd2 e5 28. Nde6 Bb5+ 29. Ke1 Nf6 30. Rc7 Ne8 31. Rb7 Bc6 32. Rxb6 Bxg2 33.
Nxg7 Nxg7 34. f3 Bh1 35. Rd7 h6 36. Rxg6 hxg5 37. Rgxg7+ Kh8 38. Rh7+ Kg8 39.
Rdg7+ Kf8 40. Rxg5 1-0

[Event "2. Bundesliga West 2012/13"]
[Site "Rum"]
[Date "2012.11.30"]
[Round "4"]
[Board "6"]
[White "Hajdarevic, Dino"]
[Black "Schiestl, Josef"]
[Result "1/2-1/2"]
[WhiteElo "2044"]
[BlackElo "2115"]
[PlyCount "93"]
[EventDate "2012.10.05"]
[EventType "team"]
[EventRounds "11"]
[EventCountry "AUT"]
[WhiteTeam "Schwarzach"]
[BlackTeam "Zillertal"]

1. d4 Nf6 2. Nf3 g6 3. c4 Bg7 4. g3 O-O 5. Bg2 d6 6. O-O Nc6 7. Nc3 a6 8. d5
Na5 9. Nd2 c5 10. Rb1 Rb8 11. b3 Bf5 12. e4 Bd7 13. h3 b5 14. Qc2 e5 15. dxe6
Bxe6 16. cxb5 axb5 17. Ne2 Nc6 18. a3 Qb6 19. Bb2 Rfd8 20. Rbc1 Rbc8 21. Nf4
Nd4 22. Qd3 Nd7 23. Nxe6 fxe6 24. Rb1 Ne5 25. Qe3 Rf8 26. Rfc1 Nf7 27. f4 e5
28. Kh1 Bh6 29. Rf1 Nd8 30. a4 N8e6 31. axb5 Qxb5 32. Nc4 Rcd8 33. Rfd1 exf4
34. Qc1 Ne2 35. Qd2 Nxg3+ 36. Kh2 Nd4 37. Bxd4 cxd4 38. Qxd4 Bg7 39. Qd3 Nh5
40. Bf3 Rf6 41. e5 Rff8 42. Qd5+ Qxd5 43. Bxd5+ Kh8 44. Nxd6 Rd7 45. Nc4 Re7
46. Re1 f3 47. Rf1 1/2-1/2

[Event "2. Bundesliga West 2012/13"]
[Site "Rum"]
[Date "2012.11.30"]
[Round "4"]
[Board "1"]
[White "Koepke, Christian"]
[Black "Besner, Bernhard"]
[Result "1/2-1/2"]
[WhiteElo "2364"]
[BlackElo "2182"]
[PlyCount "71"]
[EventDate "2012.10.05"]
[EventType "team"]
[EventRounds "11"]
[EventCountry "AUT"]
[WhiteTeam "Kufstein / Woergl"]
[BlackTeam "ASK 1"]

1. e4 d5 2. exd5 Qxd5 3. Nc3 Qa5 4. d4 Nf6 5. Bd2 Bg4 6. f3 Bf5 7. g4 Bg6 8. f4
e6 9. f5 exf5 10. g5 Nc6 11. Bb5 Bh5 12. Nf3 Ne4 13. Qe2 O-O-O 14. Bxc6 Nxd2
15. O-O-O Nxf3 16. Bxf3 Bxf3 17. Qxf3 Bb4 18. Nb1 g6 19. a3 Be7 20. h4 Qd5 21.
Qf2 Rhe8 22. Nc3 Qc4 23. Rh3 Bf8 24. Kb1 Re6 25. b3 Qa6 26. a4 Bg7 27. Rhd3 Qb6
28. Qf4 Red6 29. Nb5 R6d7 30. c4 a6 31. c5 Qa5 32. Na3 Qb4 33. Nc2 Qa5 34. Na3
Qb4 35. Nc2 Qa5 36. Na3 1/2-1/2

[Event "2. Bundesliga West 2012/13"]
[Site "Rum"]
[Date "2012.11.30"]
[Round "4"]
[Board "2"]
[White "Harringer, Franz"]
[Black "Maurer, Jochen"]
[Result "1-0"]
[WhiteElo "2214"]
[BlackElo "2286"]
[PlyCount "70"]
[EventDate "2012.10.05"]
[EventType "team"]
[EventRounds "11"]
[EventCountry "AUT"]
[WhiteTeam "ASK 1"]
[BlackTeam "Kufstein / Woergl"]

1. e4 c5 2. Nf3 e6 3. d4 cxd4 4. Nxd4 Nc6 5. g3 Nf6 6. Bg2 Qc7 7. O-O a6 8. c4
Nxd4 9. Qxd4 Bc5 10. Qc3 O-O 11. b4 Be7 12. e5 a5 13. b5 Ng4 14. Bf4 g5 15. h3
gxf4 16. hxg4 Bb4 17. Qd4 fxg3 18. b6 gxf2+ 19. Kh2 Bc5 20. Qf4 Qd8 21. Be4
Qh4+ 22. Kg2 f5 23. Rh1 Qxg4+ 24. Qxg4+ fxg4 25. Bxh7+ Kg7 26. Nd2 Bd4 27. Raf1
g3 28. Rh5 Bxe5 29. Rxe5 Kxh7 30. Rg5 Rf6 31. Ne4 Rh6 32. Nd6 e5 33. Nf5 d6 34.
Nxh6 Bd7 35. Nf5 Bxf5 1-0

[Event "2. Bundesliga West 2012/13"]
[Site "Rum"]
[Date "2012.11.30"]
[Round "4"]
[Board "3"]
[White "Neuschmied, Siegfried"]
[Black "Juergens, Klaus"]
[Result "1/2-1/2"]
[WhiteElo "2239"]
[BlackElo "2170"]
[PlyCount "173"]
[EventDate "2012.10.05"]
[EventType "team"]
[EventRounds "11"]
[EventCountry "AUT"]
[WhiteTeam "Kufstein / Woergl"]
[BlackTeam "ASK 1"]

1. e4 c5 2. Nf3 g6 3. d4 cxd4 4. Nxd4 Bg7 5. c4 Nc6 6. Be3 Nf6 7. Nc3 Ng4 8.
Qxg4 Nxd4 9. Qd1 e5 10. Bd3 d6 11. O-O O-O 12. Qd2 Be6 13. b3 Qa5 14. Rfd1 Rfc8
15. Bf1 a6 16. Ne2 Qxd2 17. Rxd2 Nxe2+ 18. Bxe2 Bf8 19. Rad1 a5 20. a4 Be7 21.
f4 f6 22. Ra2 Rc6 23. g3 Bd8 24. Rad2 Bc7 25. Bf3 Raa6 26. Rd3 Bb6 27. Kf2 Kf8
28. Ke2 Bxe3 29. Rxe3 Ke7 30. Kd2 Ra8 31. Rf1 Bd7 32. Bd1 Rcc8 33. f5 g5 34. g4
Bc6 35. h4 Rg8 36. Rh1 gxh4 37. Rxh4 Rg7 38. Rh6 Rag8 39. Kd3 Rf8 40. Reh3 Rff7
41. R3h5 Kd7 42. Rh2 Kc7 43. Bf3 Kb6 44. R6h5 Kc5 45. Kc3 Re7 46. Rd2 Rc7 47.
Rg2 Be8 48. Rh6 Rcf7 49. Rh1 Rc7 50. Rd2 Bc6 51. Rh5 Rce7 52. Rg2 Be8 53. Rh6
Ref7 54. Rg1 Rg8 55. Be2 Bc6 56. Kd3 Rg5 57. Rgh1 Rgg7 58. Ke3 Kb4 59. Bd1 Kc5
60. R1h2 Be8 61. Rd2 Bc6 62. Kf3 Rg5 63. Rg2 Be8 64. Ke3 Rgg7 65. Rh1 Rc7 66.
Bf3 Bc6 67. Rh6 Rcf7 68. Rh5 Be8 69. Rh6 Rg5 70. Rd2 Bc6 71. Rd1 Rgg7 72. Rh5
Rc7 73. Rh2 Rcf7 74. Rhd2 Rd7 75. Kd3 Rd8 76. Kc3 Rg5 77. Rh2 Rg7 78. Rdh1 Rdd7
79. Rh5 Rc7 80. R1h3 Be8 81. Rh6 Rcf7 82. R3h5 Rc7 83. Rh2 Rcf7 84. Rg2 Rg5 85.
Rh5 Rgg7 86. Rgh2 Re7 87. R5h3 1/2-1/2

[Event "2. Bundesliga West 2012/13"]
[Site "Rum"]
[Date "2012.11.30"]
[Round "4"]
[Board "4"]
[White "Loeffler, Christoph"]
[Black "Rusche, Johannes"]
[Result "1/2-1/2"]
[WhiteElo "2166"]
[BlackElo "2220"]
[PlyCount "62"]
[EventDate "2012.10.05"]
[EventType "team"]
[EventRounds "11"]
[EventCountry "AUT"]
[WhiteTeam "ASK 1"]
[BlackTeam "Kufstein / Woergl"]

1. e4 c5 2. Nc3 e6 3. f4 d5 4. Bb5+ Nc6 5. Qe2 d4 6. Bxc6+ bxc6 7. Nd1 a5 8. a4
Qc7 9. d3 Bd6 10. Nh3 e5 11. f5 Nf6 12. b3 Nd7 13. O-O Be7 14. g4 h6 15. Nb2
Nb8 16. Nc4 Na6 17. Kg2 Bf6 18. Ng1 Nb4 19. Nf3 Ba6 20. h4 Bxc4 21. bxc4 Kd7
22. Rh1 Be7 23. Ba3 Rag8 24. g5 g6 25. f6 Bd6 26. gxh6 Rxh6 27. Ng5 Ke8 28.
Raf1 Qd7 29. Rf2 Rgh8 30. Kg3 Bc7 31. Bc1 Rh5 1/2-1/2

[Event "2. Bundesliga West 2012/13"]
[Site "Rum"]
[Date "2012.11.30"]
[Round "4"]
[Board "5"]
[White "Steinbacher, Thomas"]
[Black "Scheiblmaier, Robert"]
[Result "0-1"]
[WhiteElo "2072"]
[BlackElo "2135"]
[PlyCount "98"]
[EventDate "2012.10.05"]
[EventType "team"]
[EventRounds "11"]
[EventCountry "AUT"]
[WhiteTeam "Kufstein / Woergl"]
[BlackTeam "ASK 1"]

1. d4 d5 2. Nc3 e6 3. e4 Bb4 4. exd5 exd5 5. Bd3 Nc6 6. a3 Bxc3+ 7. bxc3 Nge7
8. Qh5 Be6 9. Rb1 Rb8 10. Ne2 Qd7 11. O-O Bf5 12. Ng3 Bxd3 13. cxd3 O-O 14. Re1
b6 15. Qg5 f6 16. Qh5 a6 17. a4 Rfe8 18. Ba3 Ng6 19. Qf3 Re6 20. Re3 Rbe8 21.
Rbe1 Rxe3 22. Rxe3 Rxe3 23. fxe3 Nce7 24. Qd1 Qe6 25. e4 dxe4 26. dxe4 Qc4 27.
Bxe7 Nxe7 28. Qa1 Qb3 29. h3 Nc6 30. Kh2 Na5 31. Nf5 Kf7 32. Qe1 g6 33. Nh6+
Kg7 34. Ng4 h5 35. Ne3 Qxa4 36. Qg3 Qd7 37. Nf5+ Kh7 38. Ne3 Kg7 39. Nd5 Nc4
40. Nxc7 h4 41. Qxh4 Qxc7+ 42. g3 Nd2 43. Qg4 Nf1+ 44. Kg1 Nxg3 45. e5 Nf5 46.
h4 Qxc3 47. exf6+ Kf7 48. h5 Qxd4+ 49. Qxd4 Nxd4 0-1

[Event "2. Bundesliga West 2012/13"]
[Site "Rum"]
[Date "2012.11.30"]
[Round "4"]
[Board "6"]
[White "Vlasak, Reinhard"]
[Black "Kranewitter, Norbert"]
[Result "1/2-1/2"]
[WhiteElo "2053"]
[BlackElo "2074"]
[PlyCount "55"]
[EventDate "2012.10.05"]
[EventType "team"]
[EventRounds "11"]
[EventCountry "AUT"]
[WhiteTeam "ASK 1"]
[BlackTeam "Kufstein / Woergl"]

1. e4 c6 2. d4 d5 3. exd5 cxd5 4. c4 Nf6 5. Nc3 Nc6 6. Nf3 Bg4 7. cxd5 Nxd5 8.
Qb3 Bxf3 9. gxf3 e6 10. Qxb7 Nxd4 11. Bb5+ Nxb5 12. Qxb5+ Qd7 13. Nxd5 exd5 14.
Qxd7+ Kxd7 15. Be3 Bb4+ 16. Ke2 Rhc8 17. Rac1 a6 18. Rhd1 Ke6 19. Kd3 Bd6 20.
h3 Be5 21. Bd4 f6 22. Re1 Kd6 23. b4 Bf4 24. Bc5+ Kd7 25. Be3 Be5 26. Bd4 Bf4
27. Be3 Be5 28. Bd4 1/2-1/2

[Event "2. Bundesliga West 2012/13"]
[Site "Rum"]
[Date "2012.12.01"]
[Round "5"]
[Board "1"]
[White "Bayer, Bernhard"]
[Black "Webersberger, Johann"]
[Result "1-0"]
[WhiteElo "2449"]
[BlackElo "2392"]
[PlyCount "42"]
[EventDate "2012.10.05"]
[EventType "team"]
[EventRounds "11"]
[EventCountry "AUT"]
[WhiteTeam "Schwaz"]
[BlackTeam "ATSV Ranshofen"]

1. Nf3 Nf6 2. g3 b5 3. Bg2 Bb7 4. d3 e6 5. e4 Be7 6. O-O b4 7. c4 bxc3 8. Nxc3
Na6 9. a3 c5 10. e5 Nd5 11. Ne4 h6 12. Nfd2 O-O 13. Nc4 f5 14. exf6 Bxf6 15.
Qg4 Kh8 16. Ned6 Bc6 17. Qg6 Ne7 18. Nf7+ Rxf7 19. Qxf7 d5 20. Ne3 Qg8 21. Qh5
Qh7 {...} 1-0

[Event "2. Bundesliga West 2012/13"]
[Site "Rum"]
[Date "2012.12.01"]
[Round "5"]
[Board "2"]
[White "Dovzik, Juri"]
[Black "Deglmann, Ludwig"]
[Result "1/2-1/2"]
[WhiteElo "2346"]
[BlackElo "2323"]
[PlyCount "61"]
[EventDate "2012.10.05"]
[EventType "team"]
[EventRounds "11"]
[EventCountry "AUT"]
[WhiteTeam "ATSV Ranshofen"]
[BlackTeam "Schwaz"]

1. d4 f5 2. Nf3 Nf6 3. g3 g6 4. Bg2 Bg7 5. O-O O-O 6. b4 Ne4 7. c4 c6 8. Qc2 d5
9. e3 Be6 10. c5 a5 11. bxa5 Qxa5 12. Bb2 Nd7 13. Nbd2 Qa4 14. Nb3 Rfb8 15.
Rfc1 Bf7 16. Ne1 b6 17. cxb6 Nxb6 18. Nd3 Nc4 19. Qe2 Qb5 20. Bf1 c5 21. Bc3
cxd4 22. Bxd4 Qe8 23. Bxg7 Kxg7 24. Ndc5 Nxc5 25. Nxc5 e5 26. Nb3 Qe7 27. Qc2
Ra3 28. Rcb1 Qa7 29. Nc1 Ra6 30. Rxb8 Qxb8 31. Nb3 1/2-1/2

[Event "2. Bundesliga West 2012/13"]
[Site "Rum"]
[Date "2012.12.01"]
[Round "5"]
[Board "3"]
[White "Fuchs, Georg"]
[Black "Ager, Josef"]
[Result "1-0"]
[WhiteElo "2308"]
[BlackElo "2170"]
[PlyCount "27"]
[EventDate "2012.10.05"]
[EventType "team"]
[EventRounds "11"]
[EventCountry "AUT"]
[WhiteTeam "Schwaz"]
[BlackTeam "ATSV Ranshofen"]

1. e4 e5 2. d4 exd4 3. Qxd4 Nc6 4. Qe3 Nf6 5. Nc3 Bb4 6. Bd2 O-O 7. O-O-O Re8
8. Qg3 Nxe4 9. Nxe4 Rxe4 10. Bf4 d6 11. Bd3 Re8 12. Nf3 Ne7 13. Bg5 Qd7 14. Qh4
1-0